Statistical inference in dynamic economic models (Registro nro. 72191)
[ vista simple ]
| 000 -ENCABEZADO | |
|---|---|
| Número de control [NR] | 01127nam a2200253Ia 4500 |
| 008 - DE LONGITUD FIJA DE DATOS DE ELEMENTOS - INFORMACIÓN GENERAL | |
| Elementos de longitud fija [NR] | 130821s1950 xxua gr eng |
| 040 ## - FUENTE DE CATALOGACION [NR] | |
| Agencia de catalogación original [NR] | Co-BoUCM |
| Idioma de catalogación [NR] | spa |
| 041 00 - CODIGO DE IDIOMA [R] | |
| Código de idioma para texto/pista de sonido o título separado [R] | Inglés |
| 082 04 - NUMERO DE CLASIFICACION DECIMAL DEWEY [R] | |
| -- | 50 |
| 110 1# - ASIENTO PRINCIPAL--NOMBRE CORPORATIVO [NR] | |
| Nombre corporativo o de jurisdicción como elemento de entrada [NR] | Cowles Commission research staff members and guests |
| ID de autoridad | 142456 |
| 245 10 - MENCION DE TITULO [NR] | |
| Título [NR] | Statistical inference in dynamic economic models |
| Mención de responsabilidad, etc. [NR] | por Cowles Commission research staff members and guests ; editado por Tjalling C. Koopmans, con introducción de Jacob Marschak |
| 260 ## - PUBLICACION, DISTRIBUCION, ETC. (PIE DE IMPRENTA) [R] | |
| Lugar de publicación, distribución, etc. [R] | Nueva York (Estados Unidos) |
| Nombre del editor, distribuidor, etc. [R] | John Wiley |
| Fecha de publicación, distribución, etc. [R] | 1950 |
| 300 ## - DESCRIPCION FISICA [R] | |
| Extensión [R] | xiv, 438 páginas |
| Otros detalles físicos [NR] | ilustraciones, gráficas |
| 490 #0 - MENCION DE SERIE [R] | |
| Mención de serie [R] | Cowles Commission for Research in Economics. Monograph |
| Designación numérica/secuencial del volumen [NR] | 10 |
| 500 ## - NOTA GENERAL [R] | |
| Nota general [NR] | Donación Dr. Álvaro Daza Roa. |
| 504 ## - NOTA DE BIBLIOGRAFIA, ETC. [R] | |
| Nota de bibliografía, etc. [NR] | |
| 650 04 - ASIENTO SECUNDARIO DE MATERIA - TERMINO TEMATICO [R] | |
| Término temático o nombre geográfico como elemento de entrada [NR] | Econometría |
| 9 (RLIN) | 13653 |
| 650 04 - ASIENTO SECUNDARIO DE MATERIA - TERMINO TEMATICO [R] | |
| Término temático o nombre geográfico como elemento de entrada [NR] | Economía matemática |
| 9 (RLIN) | 13703 |
| 650 04 - ASIENTO SECUNDARIO DE MATERIA - TERMINO TEMATICO [R] | |
| Término temático o nombre geográfico como elemento de entrada [NR] | Programación lineal |
| 9 (RLIN) | 22502 |
| 650 04 - ASIENTO SECUNDARIO DE MATERIA - TERMINO TEMATICO [R] | |
| Término temático o nombre geográfico como elemento de entrada [NR] | Variables instrumentales (Estadística) |
| 9 (RLIN) | 26100 |
| 700 1# - ASIENTO SECUNDARIO - NOMBRE PERSONAL [R] | |
| Nombre personal [NR] | Koopmans, Tjalling C. |
| Término de relación [R] | |
| 9 (RLIN) | 121137 |
| 700 1# - ASIENTO SECUNDARIO - NOMBRE PERSONAL [R] | |
| Nombre personal [NR] | Marschak, Jacob |
| Término de relación [R] | |
| 9 (RLIN) | 142457 |
| 942 ## - ELEMENTOS DE ENTRADA AGREGADOS (KOHA) | |
| Tipo de ítem principal el descrito en 300a | Libro |
| Tema principal | Economía |
| Edición | 1 |
| Parte restante de la signatura top. | C875s |
| Sistema de clasificación | DEWEY |
| Clasificación | 330.1543 |
| Fecha de último préstamo | Signatura topográfica | Código de barras | Última vez visto | Ejemplar | Price effective from | Tipo de ítem | Perdido | Sistema de clasificación | Dañado | No prestable | Tipo de ítem específico | Suprimido | Ubicación habitual | Ubicación actual | Localización | Fecha de creación | Forma de adquisición | Costo |
|---|---|---|---|---|---|---|---|---|---|---|---|---|---|---|---|---|---|---|
| 15/11/2011 | FAD 330.1543 C875s | 100113159 | 09/05/2018 | Ej.1 | 03/02/2013 | Libro | DEWEY | Fondos especiales | Archivo Histórico | Archivo histórico | 30/09/2011 | Donación | 26000.00 |